000 00980nam a2200289 i 4500
001 12452
003 ES-MaACL
005 20250727035547.0
007 t|
008 921229s1990 sp ||||0| spa d
016 7 _zCHM920020279
020 _a85691-55-5
040 _aCHM
_bspa
_cCHM
080 _a329.14(460.12)
100 1 _aFernández Pérez, Adolfo.
_949991
245 1 0 _aComandante Mata
_b: el socialismo asturiano a través de su biografía (1911-1989) /
_cAdolfo Fernández Pérez.
250 _a[1ª ed.].
260 _aMadrid :
_bFundación Pablo Iglesias ;
_aOviedo :
_bFundación José Barreiro,
_c1990.
300 _a356 p ;
_c22 cm.
490 1 _aMemorias de Asturias ;
_v4
504 _aBibliografía. Indice.
650 1 4 _aSocialismo-
_zAsturias (Comunidad Autónoma)
_917153
710 2 _aFundación José Barreiro.
_94340
830 0 _aMemorias de Asturias ;
_v4
_9179311
852 _aES-MaACL
_jL-19800
_bR.123534
999 _c12452
_d12452